Снегоопасность о. Сахалин (Запись № 11257750)
[ простой вид ]
| 000 -МАРКЕР | |
|---|---|
| контрольное поле | 02500nam0a2200409 i 4500 |
| 001 - ИДЕНТИФИКАТОР ЗАПИСИ | |
| контрольное поле | RU\NLR\BIBL_A\011353368 |
| 005 - ИДЕНТИФИКАТОР ВЕРСИИ | |
| контрольное поле | 20241101014915.0 |
| 010 ## - МЕЖДУНАРОДНЫЙ СТАНДАРТНЫЙ НОМЕР КНИГИ (ISBN) | |
| Номер (ISBN) | 9785804416257 |
| Тираж | 100 |
| 021 ## - НОМЕР ГОСУДАРСТВЕННОЙ РЕГИСТРАЦИИ | |
| Код страны | российская федерация |
| Номер | 2017-12634 |
| Номер Листа государственной регистраци | 931 |
| 035 ## - ДРУГИЕ СИСТЕМНЫЕ НОМЕРА | |
| Идентификатор записи | (RuMoRGB)008806429 |
| 035 ## - ДРУГИЕ СИСТЕМНЫЕ НОМЕРА | |
| Идентификатор записи | (NLR Aleph) 011353368 |
| 100 ## - ДАННЫЕ ОБЩЕЙ ОБРАБОТКИ | |
| Данные общей обработки | 20170324d2016 km y0rusy50 ca |
| 101 0# - ЯЗЫК РЕСУРСА | |
| Язык текста, звукозаписи и т.д. | русский |
| Язык резюме | английский |
| Язык оглавления | английский |
| -- | русский |
| 102 ## - СТРАНА ПУБЛИКАЦИИ ИЛИ ПРОИЗВОДСТВА | |
| Страна публикации | российская федерация |
| 105 ## - ПОЛЕ КОДИРОВАННЫХ ДАННЫХ: ТЕКСТОВЫЕ МАТЕРИАЛЫ, МОНОГРАФИЧЕСКИЕ | |
| Кодированные данные о монографическом текстовом документе | ab||z|||000zy |
| 200 1# - ЗАГЛАВИЕ И СВЕДЕНИЯ ОБ ОТВЕТСТВЕННОСТИ | |
| Основное заглавие | Снегоопасность о. Сахалин |
| Параллельное заглавие | Snow hazard on the Sakhalin island |
| Сведения, относящиеся к заглавию | [монография] |
| Первые сведения об ответственности | Е. Н. Казакова, В. А. Лобкина |
| Последующие сведения об ответственности | Федеральное агентство научных организаций, Федеральное государственное бюджетное учреждение науки Дальневосточный геологический институт Дальневосточного отделения Российской академии наук |
| Язык параллельного заглавия | английский |
| 210 ## - ПУБЛИКАЦИЯ, РАСПРОСТРАНЕНИЕ И ДР. | |
| Место издания, распространения и т.д. | Владивосток |
| Имя издателя, распространителя и т. д. | Дальнаука |
| Дата издания, распространения и т.д. | 2016 |
| 215 ## - ФИЗИЧЕСКАЯ ХАРАКТЕРИСТИКА | |
| Специфическое обозначение материала и объем | 112 с. |
| Другие сведения о физической характеристике | ил., табл., карт. |
| Размеры | 27 |
| 300 ## - ОБЩИЕ ПРИМЕЧАНИЯ | |
| Текст примечания | Авт. также на англ. яз.: E.N. Kazakova, V.A. Lobkina |
| 300 ## - ОБЩИЕ ПРИМЕЧАНИЯ | |
| Текст примечания | На 4-й с. обл. авт.: Е.Н. Казакова к.геогр.н., В.А. Лобкина к.геогр.н |
| 300 ## - ОБЩИЕ ПРИМЕЧАНИЯ | |
| Текст примечания | Рез. на англ. яз. |
| 320 ## - ПРИМЕЧАНИЯ О НАЛИЧИИ В ДОКУМЕНТЕ БИБЛИОГРАФИИ / УКАЗАТЕЛЯ | |
| Текст примечания | Библиогр.: с. 108-112 (108 назв.) |
| 510 1# - ПАРАЛЛЕЛЬНОЕ ЗАГЛАВИЕ | |
| Связь между полями | z22790 |
| Параллельное заглавие | Snow hazard on the Sakhalin island |
| Язык заглавия | английский |
| 606 1# - НАИМЕНОВАНИЕ ТЕМЫ КАК ПРЕДМЕТ | |
| Наименование темы | Снегопады |
| Географический подзаголовок | Сахалин, остров (Охотское море) |
| Системный номер авторитетной/нормативной записи | 2325423 |
| Идентификатор авторитетной/нормативной записи | RU\NLR\AUTH\6601615462 |
| 606 1# - НАИМЕНОВАНИЕ ТЕМЫ КАК ПРЕДМЕТ | |
| Наименование темы | Лавины |
| Географический подзаголовок | Сахалин, остров (Охотское море) |
| Системный номер авторитетной/нормативной записи | 1475817 |
| Идентификатор авторитетной/нормативной записи | RU\NLR\AUTH\66627317 |
| 686 ## - ИНДЕКСЫ ДРУГИХ КЛАССИФИКАЦИЙ | |
| Индекс | Д9(2Р55-4Сах,993)228,0 |
| Код системы | |
| 686 1# - ИНДЕКСЫ ДРУГИХ КЛАССИФИКАЦИЙ | |
| Индекс | Д241.625(2Р55-4Сах,993) |
| 686 1# - ИНДЕКСЫ ДРУГИХ КЛАССИФИКАЦИЙ | |
| Индекс | Д228.169(2Р55-4Сах,993) |
| 700 #1 - ИМЯ ЛИЦА - ПЕРВИЧНАЯ ОТВЕТСТВЕННОСТЬ | |
| Начальный элемент ввода | Казакова |
| Часть имени, кроме начального элемента ввода | Е. Н. |
| Дополнения к именам, кроме дат | канд. геогр. наук |
| Расширение инициалов личного имени | Екатерина Николаевна |
| Системный номер авторитетной/нормативной записи | 172370 |
| Идентификатор авторитетной/нормативной записи | RU\NLR\AUTH\770172420 |
| 701 #1 - ИМЯ ЛИЦА - АЛЬТЕРНАТИВНАЯ ОТВЕТСТВЕННОСТЬ | |
| Начальный элемент ввода | Лобкина |
| Часть имени, кроме начального элемента ввода | В.А. |
| Дополнения к именам, кроме дат | канд. геогр. наук |
| Расширение инициалов личного имени | Валентина Андреевна |
| Системный номер авторитетной/нормативной записи | 172378 |
| Идентификатор авторитетной/нормативной записи | RU\NLR\AUTH\770172428 |
| 790 #1 - ИМЯ ЛИЦА - АЛЬТЕРНАТИВНАЯ ФОРМА | |
| Графика поля | Латинская |
| Материалы, к которым относится поле | rus |
| Начальный элемент ввода | Kazakova |
| Часть имени, кроме начального элемента ввода | E. N. |
| Дополнения к именам, кроме дат | канд. геогр. наук |
| Расширение инициалов личного имени | Ekaterina Nikolaevna |
| Системный номер авторитетной/нормативной записи | 172372 |
| Идентификатор авторитетной/нормативной записи | RU\NLR\AUTH\770172422 |
| 790 #1 - ИМЯ ЛИЦА - АЛЬТЕРНАТИВНАЯ ФОРМА | |
| Графика поля | Латинская |
| Материалы, к которым относится поле | rus |
| Начальный элемент ввода | Lobkina |
| Часть имени, кроме начального элемента ввода | V. A. |
| Дополнения к именам, кроме дат | канд. геогр. наук |
| Расширение инициалов личного имени | Valentina Andreevna |
| Системный номер авторитетной/нормативной записи | 172379 |
| Идентификатор авторитетной/нормативной записи | RU\NLR\AUTH\770172429 |
| 942 ## - ДОПОЛНИТЕЛЬНЫЕ ЭЛЕМЕНТЫ ЗАПИСИ (АБИС) | |
| Тип экземпляра АБИС | Книга |
| 980 ## - КОЛЛЕКЦИЯ | |
| Название коллекции | НБР |
Нет доступных экземпляров.